| 000 | 00720cam a22002413a 4500 | ||
|---|---|---|---|
| 001 | 13665 | ||
| 003 | PGUSA | ||
| 005 | 20140828083307.0 | ||
| 008 | 041011s2004||||xxu|||||s|||||000 | eng d | ||
| 040 |
_aPGUSA _beng |
||
| 042 | _adc | ||
| 050 | 4 | _aD501 | |
| 100 | 1 |
_aRoosevelt, Kermit, _d1889-1943 |
|
| 245 | 1 | 0 |
_aWar in the Garden of Eden _h[electronic resource] / _cKermit Roosevelt |
| 260 |
_bProject Gutenberg, _c2004 |
||
| 506 | _aPublic domain in the USA. | ||
| 516 | _aElectronic text | ||
| 653 | _aWorld War, 1914-1918 -- Campaigns -- Iraq | ||
| 653 | _aWorld War, 1914-1918 -- Personal narratives | ||
| 830 | 0 |
_aProject Gutenberg _v13665 |
|
| 856 | 4 | 0 | _uhttp://www.gutenberg.org/ebooks/13665 |
| 942 | _cEB | ||
| 999 |
_c242920 _d242920 |
||